<?xml version="1.0" encoding="UTF-8"?>
<record
    xmlns:xsi="http://www.w3.org/2001/XMLSchema-instance"
    xsi:schemaLocation="http://www.loc.gov/MARC21/slim http://www.loc.gov/standards/marcxml/schema/MARC21slim.xsd"
    xmlns="http://www.loc.gov/MARC21/slim">

  <leader>01798nam a22002177a 4500</leader>
  <controlfield tag="003">IT-MiCISF</controlfield>
  <controlfield tag="005">20200605154323.0</controlfield>
  <controlfield tag="008">200605b           ||||| |||| 00| 0 eng d</controlfield>
  <datafield tag="040" ind1=" " ind2=" ">
    <subfield code="c">IT-MiCISF</subfield>
  </datafield>
  <datafield tag="041" ind1=" " ind2=" ">
    <subfield code="a">it</subfield>
  </datafield>
  <datafield tag="100" ind1=" " ind2=" ">
    <subfield code="a">Lickona Thomas</subfield>
    <subfield code="9">58157</subfield>
  </datafield>
  <datafield tag="245" ind1=" " ind2=" ">
    <subfield code="a">Come crescere bambini gentili</subfield>
    <subfield code="b">Insegnare il rispetto e la gratitudine per creare una famiglia felice</subfield>
  </datafield>
  <datafield tag="260" ind1=" " ind2=" ">
    <subfield code="a">Milano</subfield>
    <subfield code="b">Mondadori</subfield>
    <subfield code="c">2019</subfield>
  </datafield>
  <datafield tag="300" ind1=" " ind2=" ">
    <subfield code="a">pp. 319</subfield>
  </datafield>
  <datafield tag="500" ind1=" " ind2=" ">
    <subfield code="a">genitorialit&#xE0;, educazione-bambini, valori, progetto</subfield>
  </datafield>
  <datafield tag="520" ind1=" " ind2=" ">
    <subfield code="a">In un mondo come quello di oggi, dominato dalla competizione e cos&#xEC; carico di rabbia e ostilit&#xE0;, insegnare la gentilezza a un bambino pu&#xF2; sembrare in controtendenza. Eppure secondo l&#x2019;autore, psicologo dello sviluppo di fama mondiale, &#xE8; l'unico modo per crescere bimbi davvero felici. &#xAB;Voi genitori siete &#x201C;allenatori del carattere&#x201D;. Come ogni buon allenatore, dovrete far emergere il meglio nei vostri figli e aiutarli a esprimere il loro pieno potenziale. Dovete spiegare come fare la cosa giusta anche quando &#xE8; difficile, aiutarli a imparare dai loro sbagli e a riconoscere le situazioni in cui probabilmente non hanno resistito alle pressioni esercitate dai coetanei. Bisogna farli diventare consapevoli del fatto che spesso non &#xE8; facile essere delle brave persone e fare ci&#xF2; che &#xE8; giusto, ma che non esiste altro modo per essere davvero felici&#xBB;. Con esempi concreti, il volume intende aiutare i genitori a dare e ricevere rispetto, a organizzare riunioni in famiglia per affrontare i problemi, a fronteggiare rivalit&#xE0; tra fratelli, a impartire la disciplina in un modo che rafforzi il carattere e a migliorare le dinamiche delle relazioni con i figli.</subfield>
  </datafield>
  <datafield tag="650" ind1=" " ind2=" ">
    <subfield code="a">genitorialit&#xE0;</subfield>
    <subfield code="9">56044</subfield>
  </datafield>
  <datafield tag="654" ind1=" " ind2=" ">
    <subfield code="a">saggio</subfield>
  </datafield>
  <datafield tag="700" ind1=" " ind2=" ">
    <subfield code="a">pp. 319</subfield>
    <subfield code="9">58158</subfield>
  </datafield>
  <datafield tag="942" ind1=" " ind2=" ">
    <subfield code="2">ddc</subfield>
    <subfield code="c">BK</subfield>
  </datafield>
  <datafield tag="999" ind1=" " ind2=" ">
    <subfield code="c">358630</subfield>
    <subfield code="d">358630</subfield>
  </datafield>
  <datafield tag="952" ind1=" " ind2=" ">
    <subfield code="0">0</subfield>
    <subfield code="1">0</subfield>
    <subfield code="2">ddc</subfield>
    <subfield code="4">0</subfield>
    <subfield code="6">B_7584_000000000000000</subfield>
    <subfield code="7">1</subfield>
    <subfield code="a">CISF</subfield>
    <subfield code="b">CISF</subfield>
    <subfield code="d">2020-06-05</subfield>
    <subfield code="l">0</subfield>
    <subfield code="o">b7584</subfield>
    <subfield code="p">9788804700609</subfield>
    <subfield code="r">2020-06-05 00:00:00</subfield>
    <subfield code="w">2020-06-05</subfield>
    <subfield code="y">BK</subfield>
  </datafield>
</record>
